Inteligencia de negocios : (Record no. 180257)

MARC details
000 -CABECERA
campo de control de longitud fija 02213nab a2200265 a 4500
005 - FECHA Y HORA DE LA ÚLTIMA TRANSACCIÓN
campo de control 20210219162644.0
008 - ELEMENTOS DE LONGITUD FIJA--INFORMACIÓN GENERAL
campo de control de longitud fija 991125s1985 mx 000 0 spa u
035 ## - NÚMERO DE CONTROL DEL SISTEMA
Número de control de sistema UPN01000208156
049 ## - COLECCIÓN
Colección ART
100 1# - ASIENTO PRINCIPAL--NOMBRE PERSONAL
Nombre de persona Ahumada Tello, Eduardo
100 1# - ASIENTO PRINCIPAL--NOMBRE PERSONAL
Filiación eahumada@uabc.edu.mx
100 1# - ASIENTO PRINCIPAL--NOMBRE PERSONAL
Nombre de persona Perusquia Velasco, Juan Manuel Alberto
222 #0 - TÍTULO CLAVE
Título clave CONTADURIA Y ADMINISTRACION
245 00 - MENCIÓN DE TÍTULO
Título Inteligencia de negocios :
Resto del título estrategia para el desarrollo de competitividad en empresas de base tecnológica
260 ## - PUBLICACIÓN, DISTRIBUCIÓN, ETC.
Lugar de publicación, distribución, etc. México
300 ## - DESCRIPCIÓN FÍSICA
Extensión 127-158
362 0# - FECHAS DE PUBLICACIÓN Y/O DESIGNACIÓN SECUENCIAL
Fecha de publicación y/o designación secuencial 2016 Volumen 61, número 1, enero-marzo
520 ## - NOTA DE RESUMEN, ETC.
Sumario, etc. La necesidad de realizar una valoración sobre el rol de los activos intangibles dentro de las organizaciones hace que sea necesario establecer estrategias entre la creación de valor con base en el conocimiento y los mecanismos de adquisición de este en las empresas. En esta investigación se plantea la problemática de establecer elementos que desarrollen la capacidad de fortalecer el conocimiento que las empresas adquieren a través de acciones centradas en los sistemas de información, la innovación y el proceso de la toma de decisiones, todo coadyuvando a la ampliación de la inteligencia de negocios(Business Intelligence) como un factor fundamental en la competitividad empresarial. Es una investigación mixta: entrevistas a profundidad en el aspecto cualitativo y cuestionario en el aspecto cuantitativo; en empresas del sector de tecnologías de información y comunicación. Los hallazgos principales son: a) el conocimiento es el activo de mayor valor en las empresas; b) el entorno de negocios es fundamental para la competitividad; c) la innovación, los sistemas de información y los procesos de toma de decisiones son parte de la inteligencia de negocios que requieren las empresas, y c) la inteligencia de negocios desarrolla la competitividad a partir de la gestión del conocimiento
653 0# - TERMINO DE INDIZACION - NO CONTROLADO
Término no controlado EMPRESA DE BASE TECNOLOGICA
653 0# - TERMINO DE INDIZACION - NO CONTROLADO
Término no controlado INTELIGENCIA DE NEGOCIOS
653 0# - TERMINO DE INDIZACION - NO CONTROLADO
Término no controlado GESTION DEL CONOCIMIENTO
856 4# - LOCALIZACIÓN Y ACCESO ELECTRÓNICOS
Identificador Uniforme del Recurso <a href="http://www.redalyc.org/articulo.oa?id=39543184008">http://www.redalyc.org/articulo.oa?id=39543184008</a>
856 4# - LOCALIZACIÓN Y ACCESO ELECTRÓNICOS
Identificador Uniforme del Recurso <a href="file:///C:/Users/Familiar/Downloads/53933-153289-1-PB.pdf">file:///C:/Users/Familiar/Downloads/53933-153289-1-PB.pdf</a>
905 ## - TIPO DE MATERIAL
Tipo de material Articulo

No items available.